[Event "Crema op 16th"]
[Site "Crema"]
[Date "2015.09.06"]
[Round "5"]
[White "Pisani, Valerio"]
[Black "Bini, Massimo"]
[Result "0-1"]
[WhiteElo "1739"]
[BlackElo "1988"]
[PlyCount "84"]
[EventDate "2015.09.04"]
[EventType "swiss"]
[EventRounds "6"]
[EventCountry "ITA"]
[SourceTitle "EXT 2024"]
[Source "ChessBase"]
[SourceDate "2023.10.10"]
[SourceVersion "1"]
[SourceVersionDate "2023.10.10"]
[SourceQuality "1"]

1. e4 e5 2. Nf3 Qe7 3. Bc4 d6 4. h3 c6 5. d3 Nf6 6. Bg5 h6 7. Bxf6 Qxf6 8. Nc3 Nd7 9. Qd2 Nc5 10. a3 b5 11. Ba2 Be6 12. Bxe6 Nxe6 13. Ne2 Be7 14. 0-0 0-0 15. Nh2 g5 16. g3 Qg6 17. Kh1 f5 18. f3 Kh7 19. Rf2 f4 20. g4 Bd8 21. Nf1 Bb6 22. Rh2 Kg7 23. Qb4 Rfd8 24. a4 Bc5 25. Qb3 Rab8 26. a5 a6 27. Qc3 Qe8 28. Qe1 Qd7 29. b4 Ba7 30. h4 Rh8 31. Rd1 c5 32. c3 cxb4 33. cxb4 Nd4 34. Nxd4 Bxd4 35. Rc2 Rbc8 36. Rxc8 Rxc8 37. Rb1 Qc6 38. h5 Qc2 39. Qd1 Qf2 40. Nd2 Qh4+ 41. Kg2 Qg3+ 42. Kh1 Qh3# 0-1

[Event "Omegna op-A 3rd"]
[Site "Omegna"]
[Date "2015.08.09"]
[Round "4"]
[White "Bini, Massimo"]
[Black "Minerva, Enzo"]
[Result "1-0"]
[WhiteElo "2000"]
[BlackElo "1988"]
[PlyCount "61"]
[EventDate "2015.08.07"]
[EventType "swiss"]
[EventRounds "5"]
[EventCountry "ITA"]
[SourceTitle "EXT 2024"]
[Source "ChessBase"]
[SourceDate "2023.10.10"]
[SourceVersion "1"]
[SourceVersionDate "2023.10.10"]
[SourceQuality "1"]

1. d4 c5 2. c3 cxd4 3. cxd4 d5 4. Nf3 Nf6 5. Nc3 Nc6 6. Qb3 Na5 7. Qd1 a6 8. Ne5 Be6 9. e3 Nd7 10. Nxd7 Qxd7 11. Be2 g6 12. e4 Bg7 13. e5 h5 14. h3 Rc8 15. 0-0 Nc4 16. f4 Bf5 17. Bf3 Be6 18. Na4 Bf5 19. b3 Nxe5 20. fxe5 Rc2 21. Nb6 Qb5 22. Nxd5 Kd7 23. Ne3 Rhc8 24. Nxc2 Rxc2 25. Rf2 Rxf2 26. Kxf2 f6 27. Be3 fxe5 28. dxe5+ Ke6 29. Bd4 Bh6 30. Be2 Qc6 31. Bc4+ 1-0

[Event "Omegna op-A 2nd"]
[Site "Omegna"]
[Date "2014.08.10"]
[Round "4"]
[White "Boschetti, Claudio"]
[Black "Bini, Massimo"]
[Result "1/2-1/2"]
[WhiteElo "2141"]
[BlackElo "1995"]
[PlyCount "90"]
[EventDate "2014.08.08"]
[EventType "swiss"]
[EventRounds "5"]
[EventCountry "ITA"]
[SourceTitle "EXT 2024"]
[Source "ChessBase"]
[SourceDate "2023.10.10"]
[SourceVersion "1"]
[SourceVersionDate "2023.10.10"]
[SourceQuality "1"]

1. e4 e5 2. Bc4 Qe7 3. Nf3 d6 4. 0-0 c6 5. d4 h6 6. a4 Nf6 7. dxe5 dxe5 8. Qe2 Bg4 9. h3 Bh5 10. a5 g5 11. g4 Bg6 12. Nc3 Nbd7 13. Kg2 Bg7 14. b3 Qd8 15. Rd1 Qc7 16. a6 b6 17. Ba3 Bf8 18. Bb2 Bc5 19. Bd3 h5 20. Nxg5 hxg4 21. hxg4 0-0-0 22. Rh1 Bd4 23. f3 Nc5 24. b4 Nxd3 25. cxd3 Qe7 26. Nh3 Qxb4 27. Ra4 Qd6 28. Rc4 Bxc3 29. Rxc3 c5 30. Rhc1 Nd7 31. Rc4 Kb8 32. Qc2 f6 33. Nf2 Rh7 34. Qa4 Bf7 35. R4c2 Be8 36. Qa1 Nf8 37. Qb1 Ne6 38. Kg1 Bg6 39. Ba3 Ka8 40. Bb2 Rdh8 41. Rc4 Nf4 42. Kf1 Nh3 43. R4c2 Nf4 44. Rc4 Nh3 45. R4c2 Nf4 1/2-1/2

[Event "Vescovato Gerolamo op-A 13th"]
[Site "Vescovato"]
[Date "2014.04.27"]
[Round "6"]
[White "Bini, Massimo"]
[Black "De Santis, Alessio"]
[Result "1/2-1/2"]
[WhiteElo "2012"]
[BlackElo "2285"]
[PlyCount "20"]
[EventDate "2014.04.25"]
[EventType "swiss"]
[EventRounds "6"]
[EventCountry "ITA"]
[SourceTitle "EXT 2015"]
[Source "ChessBase"]
[SourceDate "2014.11.20"]
[SourceVersion "1"]
[SourceVersionDate "2014.11.20"]
[SourceQuality "1"]

1. d4 b6 2. Nf3 Bb7 3. Bf4 Nf6 4. e3 g6 5. Be2 Bg7 6. h3 d6 7. 0-0 c5 8. c3 Nbd7 9. Bh2 0-0 10. a4 a6 1/2-1/2

[Event "Vescovato Gerolamo op-A 13th"]
[Site "Vescovato"]
[Date "2014.04.27"]
[Round "5"]
[White "Bini, Massimo"]
[Black "Swannie, Douglas"]
[Result "1-0"]
[WhiteElo "2012"]
[BlackElo "1880"]
[PlyCount "51"]
[EventDate "2014.04.25"]
[EventType "swiss"]
[EventRounds "6"]
[EventCountry "ITA"]
[SourceTitle "EXT 2015"]
[Source "ChessBase"]
[SourceDate "2014.11.20"]
[SourceVersion "1"]
[SourceVersionDate "2014.11.20"]
[SourceQuality "1"]

1. d4 Nf6 2. Bf4 d5 3. e3 c5 4. c3 Nc6 5. Nd2 e6 6. Bd3 Bd6 7. Bxd6 Qxd6 8. f4 b6 9. Qf3 Bb7 10. Ne2 0-0-0 11. 0-0 h5 12. a4 c4 13. Bc2 Na5 14. Nc1 Kb8 15. Qe2 Rc8 16. Na2 h4 17. Nb4 Rh6 18. Rae1 Qd8 19. e4 Nh5 20. exd5 Ng3 21. hxg3 hxg3 22. Qg4 Qh8 23. Qxg3 f5 24. Rxe6 Rxe6 25. dxe6 g6 26. d5 1-0

[Event "Crema op 15th"]
[Site "Crema"]
[Date "2013.09.01"]
[Round "5"]
[White "Bini, Massimo"]
[Black "Acunzo, Domenico"]
[Result "1-0"]
[WhiteElo "2036"]
[BlackElo "1723"]
[PlyCount "55"]
[EventDate "2013.08.30"]
[EventType "swiss"]
[EventRounds "6"]
[EventCountry "ITA"]
[SourceTitle "EXT 2015"]
[Source "ChessBase"]
[SourceDate "2014.11.20"]
[SourceVersion "1"]
[SourceVersionDate "2014.11.20"]
[SourceQuality "1"]

1. d4 e6 2. Bf4 f5 3. Nf3 Nf6 4. e3 d5 5. c4 c6 6. Nc3 Bd6 7. Qc2 Bxf4 8. exf4 Qd6 9. g3 Ne4 10. c5 Qe7 11. Ne5 Nxc3 12. Qxc3 Nd7 13. Nxd7 Bxd7 14. b4 a6 15. Be2 0-0 16. 0-0 Rf6 17. a4 Rff8 18. Rfb1 Rfb8 19. b5 axb5 20. axb5 cxb5 21. Bxb5 Bxb5 22. Rxb5 Qd7 23. Rab1 Qc8 24. Qb4 Ra7 25. Rb6 Kf7 26. c6 Ra2 27. Rxb7+ Rxb7 28. Qxb7+ 1-0

[Event "Crema op 15th"]
[Site "Crema"]
[Date "2013.09.01"]
[Round "6"]
[White "Poletto, Daniele"]
[Black "Bini, Massimo"]
[Result "0-1"]
[WhiteElo "1744"]
[BlackElo "2036"]
[PlyCount "83"]
[EventDate "2013.08.30"]
[EventType "swiss"]
[EventRounds "6"]
[EventCountry "ITA"]
[SourceTitle "EXT 2015"]
[Source "ChessBase"]
[SourceDate "2014.11.20"]
[SourceVersion "1"]
[SourceVersionDate "2014.11.20"]
[SourceQuality "1"]

1. c4 c6 2. Nf3 d5 3. b3 Bf5 4. g3 e6 5. Bb2 h6 6. Bg2 Nf6 7. 0-0 Be7 8. d3 0-0 9. Nbd2 Bh7 10. Rc1 a5 11. a3 Qb6 12. cxd5 exd5 13. Rc2 Re8 14. Qa1 Nbd7 15. Ne5 Bf8 16. Nxd7 Nxd7 17. Bf3 Qd8 18. Rcc1 Nc5 19. d4 Ne4 20. Nxe4 Bxe4 21. Bxe4 Rxe4 22. Rc2 h5 23. Qe1 Bd6 24. b4 axb4 25. axb4 Qb6 26. Bc3 h4 27. f3 Re6 28. gxh4 Rae8 29. Kh1 Bf4 30. Rg1 Be3 31. Rg2 Bxd4 32. Bxd4 Qxd4 33. Qg1 Qf6 34. h5 Ra8 35. Qb6 Ra1+ 36. Rg1 Rxg1+ 37. Qxg1 Qf5 38. Ra2 Qxh5 39. Ra8+ Kh7 40. Ra7 Rxe2 41. Qb1+ g6 42. Qxg6+ 0-1

[Event "Crema op 15th"]
[Site "Crema"]
[Date "2013.08.31"]
[Round "4"]
[White "Bongiorni, Gabriele"]
[Black "Bini, Massimo"]
[Result "1/2-1/2"]
[WhiteElo "1806"]
[BlackElo "2036"]
[PlyCount "63"]
[EventDate "2013.08.30"]
[EventType "swiss"]
[EventRounds "6"]
[EventCountry "ITA"]
[SourceTitle "EXT 2015"]
[Source "ChessBase"]
[SourceDate "2014.11.20"]
[SourceVersion "1"]
[SourceVersionDate "2014.11.20"]
[SourceQuality "1"]

1. e4 e5 2. Nf3 Qe7 3. Bc4 d6 4. d3 Bg4 5. Nbd2 Nf6 6. c3 c6 7. h3 Bh5 8. 0-0 h6 9. Re1 g5 10. Qb3 b5 11. Bxb5 cxb5 12. Qxb5+ Qd7 13. a4 a6 14. Qxd7+ Nbxd7 15. g4 Bg6 16. b4 Be7 17. c4 0-0 18. Nf1 a5 19. b5 Nc5 20. Rd1 Nfd7 21. Ne3 Nb6 22. Nd5 Nxd5 23. cxd5 Rfc8 24. Be3 f6 25. Bxc5 Rxc5 26. Nd2 Ra7 27. f3 Be8 28. Nc4 h5 29. Kg2 h4 30. Rab1 Kf7 31. Rdc1 Bd7 32. Kf2 1/2-1/2

[Event "Condino op"]
[Site "Condino"]
[Date "2009.08.01"]
[Round "7"]
[White "Bini, Massimo"]
[Black "Volpinari, Danilo"]
[Result "0-1"]
[WhiteElo "2066"]
[BlackElo "2056"]
[PlyCount "90"]
[EventDate "2009.07.27"]
[EventType "swiss"]
[EventRounds "7"]
[EventCountry "ITA"]
[SourceTitle "CBM 131 Extra"]
[Source "ChessBase"]
[SourceDate "2009.09.03"]
[SourceVersion "2"]
[SourceVersionDate "2009.09.16"]
[SourceQuality "1"]

1. d4 g6 2. Nf3 Bg7 3. Bf4 Nf6 4. h3 d6 5. e3 0-0 6. Be2 Nfd7 7. c3 e5 8. dxe5 dxe5 9. Bh2 Nc6 10. 0-0 Qe7 11. Nbd2 f5 12. a4 a6 13. Nc4 e4 14. Nd4 Nce5 15. Qc2 Kh8 16. Rfd1 g5 17. Rd2 Nxc4 18. Bxc4 Ne5 19. Be2 Ng6 20. Bf1 Be5 21. Bxe5+ Qxe5 22. Rad1 c5 23. Ne2 Be6 24. c4 Rae8 25. Nc3 Nh4 26. Nd5 Ng6 27. Nc3 Qg7 28. Nd5 Ne5 29. a5 Rf7 30. b3 h5 31. Nc3 h4 32. Rd8 Rff8 33. Rxe8 Rxe8 34. Be2 Qc7 35. Qb2 Qg7 36. Kh1 Kh7 37. Na4 Rc8 38. Rd6 Bf7 39. Qd2 g4 40. Nb6 gxh3 41. g3 hxg3 42. fxg3 Qxg3 43. Bg4 Nxg4 44. Rh6+ Kxh6 45. Qd6+ Qxd6 0-1